Name the U.S. State Given the 3 Biggest Cities - Statistics

General Stats
  • This quiz has been taken 338 times
  • The average score is 14 of 15
Answer Stats
3 Biggest Cities U.S. State % Correct
Los Angeles, San Diego, San Jose California
100%
Jacksonville, Miami, Tampa Florida
99%
Albuquerque, Las Cruces, Rio Rancho New Mexico
98%
Columbus, Cleveland, Cincinnati Ohio
97%
Memphis, Nashville, Knoxville Tennessee
97%
Anchorage, Fairbanks, Juneau Alaska
96%
New Orleans, Baton Rouge, Shreveport Louisiana
96%
Detroit, Grand Rapids, Warren Michigan
95%
Newark, Jersey City, Paterson New Jersey
95%
Charlotte, Raleigh, Greensboro North Carolina
93%
Birmingham, Montgomery, Mobile Alabama
91%
Milwaukee, Madison, Green Bay Wisconsin
90%
Des Moines, Cedar Rapids, Davenport Iowa
88%
Louisville, Lexington, Bowling Green Kentucky
86%
Sioux Falls, Rapid City, Aberdeen South Dakota
82%
No matching quizzes found
Score Distribution
Percent of People with Each Score
Percentile by Number Answered
Your Score History
You have not taken this quiz